000 00615nam a22001817a 4500
003 UA-OsUOA
001 14089
007 ta
008 20030721b un ||||| |||| 00| 0 ukr d
100 _aПелешок С.
942 _cSA
040 _aUA-OsUOA
_cUA-OsUOA
_dUA-OsUOA
245 _aЇзда-це моє життя
_b[Бесіда з президентом Рівнен. автомотоклубу С.Пелешком]/Розмовляв В.Присяжнюк
300 _aС.11
955 _a0
773 0 _w0
_tОго
_dРівне
_d2003
_g№109/26 черв./
650 7 _aАвтомобільні клуби
_2UDC
999 _c300250
_d300250